| 000 | 01580cam a2200301 a 4500 | ||
|---|---|---|---|
| 999 |
_c41473 _d41473 |
||
| 001 | 16436992 | ||
| 003 | OSt | ||
| 005 | 20221026111145.0 | ||
| 008 | 100827r20111982nyua b 001 0 eng | ||
| 010 | _a 2010036055 | ||
| 020 | _a9780073532080 (hardback) | ||
| 040 |
_aDLC _cDLC _dDLC |
||
| 042 | _apcc | ||
| 050 | 0 | 0 |
_aRJ131 _b.S264 2011 |
| 082 | 0 | 0 |
_a305.231 _222 _bSAN/C |
| 100 | 1 |
_aSantrock, John W. _99035 |
|
| 245 | 1 | 0 |
_aChild development / _cJohn Santrock. |
| 250 | _a13th ed. | ||
| 260 |
_aNew York, NY : _bMcGraw-Hill Humanities, _cc2011. |
||
| 300 |
_a604 p. : _bcol. ill. ; _c29 cm. |
||
| 504 | _aIncludes bibliographical references (p. 519-572) and index. | ||
| 520 |
_a"Thorough. Accurate. Reliable. Engaging. These are just a few of the words used by adopters and reviewers of John Santrock's Child Development. A new Connections theme shows how it all fits together in the the most accurate and up-to-date topically-organized text in the field. Used by hundreds of thousands of students over twelve editions, Santrock's proven learning system provides a clear roadmap to content mastery. The fully revised thirteenth edition continues with Santrock's highly contemporary tone and focus, featuring over 1,000 new citations"-- _cProvided by publisher. |
||
| 650 | 0 | _aChild development. | |
| 650 | 0 | _aChild psychology. | |
| 906 |
_a7 _bcbc _corignew _d1 _eecip _f20 _gy-gencatlg |
||
| 942 |
_2ddc _cBK _h305.231 _iSAN/C _k305.231 _mSAN/C |
||